| 000 | 004750000a22001810004500 | ||
|---|---|---|---|
| 020 | _a84-8267-086-7 | ||
| 041 | 0 | _aSPA | |
| 082 | 0 | 4 | _aG 262.15 S5887d |
| 100 | 1 | _aSimarro Fernández, Juan | |
| 245 | 1 | 0 | _aDiaconía o las obras de la fe / Juan Simarro |
| 260 | _aTerrassa, Barcelona, España : CLIE | ||
| 300 | _a398 Pag | ||
| 001 | 7096 | ||
| 942 | _cBK | ||
| 999 |
_c37329 _d37329 |
||
| 336 |
_atexto _btxt _2rdacontent |
||
| 337 |
_2rdamedia _asin mediación _bn |
||
| 338 |
_2rdacarrier _avolumen _bnc |
||